Tóm tắt quy hoạch mạng lưới các trường, trung tâm, cơ sở dạy nghề trên địa bàn tỉnh Cần Thơ đến năm 2010

Đã lưu trong:
书目详细资料
主要作者: Sở Kế hoạch và đầu tư
格式: 图书
语言:Undetermined
出版: Cần Thơ UBND 2001
主题:
标签: 添加标签
没有标签, 成为第一个标记此记录!
Thư viện lưu trữ: Trung tâm Học liệu Trường Đại học Cần Thơ
LEADER 00650nam a2200181Ia 4500
001 CTU_52855
008 210402s9999 xx 000 0 und d
082 |a 331.11 
082 |b S460 
100 |a Sở Kế hoạch và đầu tư 
245 0 |a Tóm tắt quy hoạch mạng lưới các trường, trung tâm, cơ sở dạy nghề trên địa bàn tỉnh Cần Thơ đến năm 2010 
245 0 |c Sở Kế hoạch và đầu tư 
260 |a Cần Thơ 
260 |b UBND 
260 |c 2001 
650 |a vocational school 
904 |i Minh 
980 |a Trung tâm Học liệu Trường Đại học Cần Thơ